Africa Unbound: Decolonial Pathways to Sovereignty and Liberation /
This book redefines the debate on Africa's future by confronting the hidden continuities of colonial power that persist in economics, education, and governance. By revealing how structural dependency and epistemic subjugation still constrain the continent's autonomy, this book advocates fo...
المؤلف الرئيسي:
التنسيق: كتاب الكتروني
اللغة: English
منشور في:
Leiden ; Boston :
BRILL,
2026.
سلاسل:
Africana Philosophy ;
4.
Religious Studies, Theology and Philosophy E-Books Online, Collection 2026.
الموضوعات:
الوصول للمادة أونلاين: Login to view Source
الوسوم: إضافة وسم
رقم الطلب: DT727
| LEADER | 05670nam a22004698i 4500 | ||
|---|---|---|---|
| 001 | BRILL9789004760967 | ||
| 003 | nllekb | ||
| 005 | 20260324115022.0 | ||
| 006 | m d | ||
| 007 | cr un uuuua | ||
| 008 | 260212s2026 gw sb 001 0 eng d | ||
| 020 | |a 9789004760967 |q (electronic book) | ||
| 020 | |z 9789004759886 |q (print) | ||
| 024 | 7 | |a 10.1163/9789004760967 |2 DOI | |
| 040 | |a NL-LeKB |c NL-LeKB |e rda | ||
| 041 | |a eng | ||
| 050 | 4 | |a DT727 | |
| 072 | 7 | |a PHI |x 003000 |2 bisacsh | |
| 072 | 7 | |a HPD |2 bicssc | |
| 082 | 0 | 4 | |a 968 |2 23 |
| 245 | 1 | 0 | |a Africa Unbound: Decolonial Pathways to Sovereignty and Liberation / |c Stephen Onyango Ouma. |
| 264 | 1 | |a Leiden ; |a Boston : |b BRILL, |c 2026. | |
| 264 | 4 | |c ©2026 | |
| 300 | |a 1 online resource (303 pages) : |b illustrations. | ||
| 336 | |a text |b txt |2 rdacontent | ||
| 337 | |a computer |b c |2 rdamedia | ||
| 338 | |a online resource |2 rdacarrier | ||
| 490 | 1 | |a Africana Philosophy ; |v 4 | |
| 490 | 1 | |a Religious Studies, Theology and Philosophy E-Books Online, Collection 2026 | |
| 504 | |a Includes bibliographical references and index. | ||
| 505 | 0 | |t Contents -- Acknowledgments -- Abbreviations -- Preface -- 1 From Chains to Choice: Structural Liberation and Decolonial Futures -- 1 Introduction -- 2 The Architecture of Dependency: Colonial Legacies and Neo-colonial Structures -- 2 Colonial Shadows: the Deep Structures of Corruption and Cognitive Control -- 1 Introduction -- 2 Colonial Borders and Ethnic Tensions -- 3 Western Education and Mental Colonization -- 4 The Impact of Colonial Legal Systems and Governance -- 5 Economic Exploitation and the Resource Curse -- 6 Cultural Resilience and Resistance -- 7 Mental Colonization and Cultural Resilience -- 8 Corruption and Political Instability as Legacies of Colonialism -- 9 Colonial Institutions and Governance -- 1 Economic Policies and Contemporary African Economies -- 11 Western Education and Mental Colonization -- 3 Extracted and Exploited: the Myth of Aid in a Wealthy but Pillaged Africa -- 1 Introduction -- 2 Resource Curse and Economic Dependency -- 3 Africa's Experience with the Resource Curse Is Well-Documented -- 4 Aid as a Tool of Neo-colonial Control -- 5 Structural Adjustment Programs and African Economies -- 6 Reclaiming Africa's Resources and Asserting Economic Independence -- 4 Sanctified Chains: Western Religions and the Struggle for Africa's Cultural Sovereignty -- 1 Introduction -- 2 Religious Conversion and Cultural Imperialism -- 3 Erosion of African Cultures -- 4 Western Media's Influence on African Societies -- 5 The Need for Cultural Reclamation -- 5 Decolonizing Power: the Search for Authentic Leadership in Post-colonial Africa -- 1 Introduction -- 2 Leadership Challenges and External Interference -- 3 International Financial Institutions and African Governance -- 4 China's Influence in Africa -- 5 The Impact of Structural Adjustment Programs on Leadership -- 6 Successful African Leaders Resisting External Control -- 6 Unity or Utopia? Revisiting the Idea of Pan-Africanism in the 21st Century -- 1 Introduction -- 2 Pan-Africanism's Ideological Roots and Challenges -- 3 Pan-African Unity and Economic Cooperation -- 4 Education and Mental Liberation -- 5 The Broader Concept of "Liberating Africa" -- 7 Voices in the Shadows: African Women and the Struggle for Justice, Freedom, and Equality -- 1 Introduction -- 2 Women in Liberation Movements -- 3 Political Leadership -- 4 Grassroots Mobilization -- 5 Gender Equality and African Development -- 6 The African Diaspora's Role in Mental Liberation -- 7 Case Studies of African Women Leaders -- 8 Socio-economic Benefits of Empowering Women -- 8 The Illusion of Independence: Neo-colonial Exploitation and Africa's 21st-Century Struggle -- 1 Introduction -- 2 Neo-colonialism and Economic Marginalization -- 3 Global Capitalism and Africa's Economic Subjugation -- 4 Debt as a Tool of Neo-colonialism -- 5 Resource Extraction and Multinational Corporations -- 6 The Role of Multinational Corporations -- 7 The Environmental and Social Impact of Resource Extraction -- 8 Africa's Empowerment and Self-Determination -- 9 The Rise of Pan-Africanism and Economic Cooperation -- 1 Resource Nationalism and Reclaiming Sovereignty -- Bibliography -- Index. | |
| 520 | |a This book redefines the debate on Africa's future by confronting the hidden continuities of colonial power that persist in economics, education, and governance. By revealing how structural dependency and epistemic subjugation still constrain the continent's autonomy, this book advocates for a radical reorientation toward self-determination grounded in African values, knowledge systems, and collective agency. The author engages both historical depth and contemporary urgency, offering a visionary blueprint for rebuilding Africa through decolonial thought, ethical leadership, and continental solidarity. Scholarly, provocative, and transformative, the book positions Africa not as a subject of history, but as its author. | ||
| 546 | |a English | ||
| 588 | |a Description based on print version record. | ||
| 650 | 0 | 0 | |a African Studies. |
| 650 | 0 | 0 | |a Economics & Political Science. |
| 100 | 1 | |a Ouma, Stephen Onyango, |e author. | |
| 776 | 0 | 8 | |i Print version: |t Africa Unbound: Decolonial Pathways to Sovereignty and Liberation. |z 9789004759886 |w (OCoLC)1564573946 |
| 830 | 0 | |a Africana Philosophy ; |v 4. | |
| 830 | 0 | |a Religious Studies, Theology and Philosophy E-Books Online, Collection 2026. | |
| 856 | 4 | |z DOI: |u http://dx.doi.org/10.1163/9789004760967 | |
| 999 | |c 61937 |d 61937 | ||
